Institutions judiciaires

Sparad:
Bibliografiska uppgifter
Huvudupphovsman: Rassat, Michèle-Laure
Materialtyp: Bok
Språk:Undetermined
Publicerad: Paris Presses universitaires de France 1993
Ämnen:
Taggar: Lägg till en tagg
Inga taggar, Lägg till första taggen!
Thư viện lưu trữ: Trung tâm Học liệu Trường Đại học Cần Thơ
LEADER 00514nam a2200181Ia 4500
001 CTU_72992
008 210402s9999 xx 000 0 und d
082 |a 342.44012 
082 |b R228 
100 |a Rassat, Michèle-Laure 
245 0 |a Institutions judiciaires 
245 0 |c Michèle-Laure Rassat 
260 |a Paris 
260 |b Presses universitaires de France 
260 |c 1993 
650 |a Constitutional law,Judicial power 
904 |i Minh 
980 |a Trung tâm Học liệu Trường Đại học Cần Thơ